<?xml version="1.0" encoding="UTF-8"?>
<record
    xmlns:xsi="http://www.w3.org/2001/XMLSchema-instance"
    xsi:schemaLocation="http://www.loc.gov/MARC21/slim http://www.loc.gov/standards/marcxml/schema/MARC21slim.xsd"
    xmlns="http://www.loc.gov/MARC21/slim">

  <leader>01871cam a2200325   4500500</leader>
  <controlfield tag="005">20260329022050.0</controlfield>
  <datafield tag="041" ind1=" " ind2=" ">
    <subfield code="a">fre</subfield>
  </datafield>
  <datafield tag="042" ind1=" " ind2=" ">
    <subfield code="a">dc</subfield>
  </datafield>
  <datafield tag="100" ind1="1" ind2="0">
    <subfield code="a">Gounelle, Andr&#xE9;</subfield>
    <subfield code="e">author</subfield>
  </datafield>
  <datafield tag="700" ind1="1" ind2="0">
    <subfield code="a">Vouga, Fran&#xE7;ois</subfield>
    <subfield code="e">author</subfield>
  </datafield>
  <datafield tag="245" ind1="0" ind2="0">
    <subfield code="a">Th&#xE8;ses sur l&#x2019;&#xC9;criture</subfield>
  </datafield>
  <datafield tag="260" ind1=" " ind2=" ">
    <subfield code="c">2022.
							</subfield>
  </datafield>
  <datafield tag="500" ind1=" " ind2=" ">
    <subfield code="a">11</subfield>
  </datafield>
  <datafield tag="520" ind1=" " ind2=" ">
    <subfield code="a">Ces th&#xE8;ses ont &#xE9;t&#xE9; r&#xE9;dig&#xE9;es par les professeurs Andr&#xE9; Gounelle et Fran&#xE7;ois Vouga dans le cadre d&#x2019;un s&#xE9;minaire qui a &#xE9;t&#xE9; suivi par des &#xE9;tudiants en cinqui&#xE8;me ann&#xE9;e de th&#xE9;ologie, et qui avait pour th&#xE8;me&#xA0;: &#xAB;&#xA0;l&#x2019;autorit&#xE9; de l&#x2019;&#xC9;criture&#xA0;&#xBB;. Elles ont &#xE9;t&#xE9; expliqu&#xE9;es et discut&#xE9;es en s&#xE9;ance, puis partiellement remani&#xE9;es en tenant compte de ces discussions. Nous avons conserv&#xE9; le caract&#xE8;re sch&#xE9;matique (li&#xE9; au genre litt&#xE9;raire de la th&#xE8;se) et le vocabulaire technique de ce document de travail1.</subfield>
  </datafield>
  <datafield tag="520" ind1=" " ind2=" ">
    <subfield code="a">These theses were written by professors Andr&#xE9; Gounelle and Fran&#xE7;ois Vouga as part of a seminar that was attended by students in their fifth year of theology, and which theme was &#x201C;the authority of Scripture&#x201D;. The theses were explained and discussed in the session, and then partially revised to reflect these discussions. We have retained the schematic character (related to the literary genre of the thesis) and the technical vocabulary of this working document.</subfield>
  </datafield>
  <datafield tag="690" ind1=" " ind2=" ">
    <subfield code="a">autorit&#xE9;</subfield>
  </datafield>
  <datafield tag="690" ind1=" " ind2=" ">
    <subfield code="a">&#xC9;criture</subfield>
  </datafield>
  <datafield tag="690" ind1=" " ind2=" ">
    <subfield code="a">foi</subfield>
  </datafield>
  <datafield tag="690" ind1=" " ind2=" ">
    <subfield code="a">herm&#xE9;neutique</subfield>
  </datafield>
  <datafield tag="690" ind1=" " ind2=" ">
    <subfield code="a">histoire</subfield>
  </datafield>
  <datafield tag="690" ind1=" " ind2=" ">
    <subfield code="a">interpr&#xE9;tation</subfield>
  </datafield>
  <datafield tag="690" ind1=" " ind2=" ">
    <subfield code="a">authority</subfield>
  </datafield>
  <datafield tag="690" ind1=" " ind2=" ">
    <subfield code="a">faith</subfield>
  </datafield>
  <datafield tag="690" ind1=" " ind2=" ">
    <subfield code="a">hermeneutics</subfield>
  </datafield>
  <datafield tag="690" ind1=" " ind2=" ">
    <subfield code="a">history</subfield>
  </datafield>
  <datafield tag="690" ind1=" " ind2=" ">
    <subfield code="a">interpretation</subfield>
  </datafield>
  <datafield tag="690" ind1=" " ind2=" ">
    <subfield code="a">Scripture</subfield>
  </datafield>
  <datafield tag="786" ind1="0" ind2=" ">
    <subfield code="n">&#xC9;tudes th&#xE9;ologiques et religieuses | 97 | 3 | 2022-09-20 | p. 311-317 | 0014-2239</subfield>
  </datafield>
  <datafield tag="856" ind1="4" ind2="1">
    <subfield code="u">https://shs.cairn.info/revue-etudes-theologiques-et-religieuses-2022-3-page-311?lang=fr&amp;redirect-ssocas=7080</subfield>
  </datafield>
  <datafield tag="999" ind1=" " ind2=" ">
    <subfield code="c">1917293</subfield>
    <subfield code="d">1917293</subfield>
  </datafield>
</record>
